Modest Mouse - Float On Lyrics - Statistics

General Stats
  • This quiz has been taken 38 times
  • The average score is 217 of 305
Answer Stats
Hint Answers % Correct
Verse 1 I
100%
(I
100%
on
100%
on)
100%
a
97%
Verse 2 A
97%
float
97%
(Float
97%
We
97%
we
97%
all
94%
Well
94%
we'll
94%
well
94%
We'll
94%
day
91%
it
91%
It
91%
my
91%
okay
91%
Okay
91%
other
91%
the
91%
(The
91%
car
88%
cop
88%
he
88%
into
88%
just
88%
of
88%
drove
85%
to
82%
too
82%
Chorus And
79%
and
79%
bit
79%
off
79%
some
79%
was
79%
you
79%
alright
76%
Outro (Alright
76%
Alright
76%
(Alright)
76%
life's
73%
much
73%
sometimes
73%
that
73%
backed
70%
laughed
70%
ran
70%
say
70%
what
70%
did
67%
mouth
67%
last
64%
worth
64%
hand
61%
learn
61%
oh
61%
sleight
61%
worry
61%
anyway
58%
don't
58%
Don't
58%
every
58%
scam
58%
Bridge Already
55%
already)
55%
already
55%
dime
55%
even
55%
Even
55%
if
55%
took
55%
is
52%
news
52%
with
52%
heavy
48%
Jamaican
48%
way
48%
fake
45%
things
45%
when
45%
exactly
42%
fired
42%
get
42%
Good
42%
good
42%
its
42%
same
42%
Bad
39%
got
39%
up
39%
will
39%
comes
36%
plans
36%
both
33%
Win
33%
can't
30%
end
30%
No
30%
lands
24%
them
24%
work
24%
are
21%
lose
18%
or
18%
hair)
12%
Here
12%
here)
12%
(I'm
12%
Now
12%
function
9%
living
9%
told
9%
(while
9%
everyday)
6%
going
6%
listen
6%
strong)
6%
Pre-Chorus Bring
3%
still
3%
worlds'
3%
No matching quizzes found
Score Distribution
Percent of People with Each Score
Percentile by Number Answered
Your Score History
You have not taken this quiz